|
|
|
|
| LEADER |
00000nam0a2200000 4500 |
| 001 |
320096 |
| 005 |
20231102003238.0 |
| 035 |
|
|
|a (RuTPU)RU\TPU\book\345619
|
| 090 |
|
|
|a 320096
|
| 100 |
|
|
|a 20160623d1940 km y0rusy50 ca
|
| 101 |
0 |
|
|a rus
|
| 102 |
|
|
|a RU
|
| 105 |
|
|
|a a z 001zy
|
| 200 |
1 |
|
|a Редкие газы
|f В. Г. Фастовский
|
| 210 |
|
|
|a Москва
|a Ленинград
|c Госхимиздат
|c 1940
|
| 215 |
|
|
|a 160 с.
|c ил.
|
| 320 |
|
|
|a Библиогр.: с. 156-160
|
| 606 |
1 |
|
|a Газы редкие
|2 stltpush
|3 (RuTPU)RU\TPU\subj\38497
|9 58997
|
| 610 |
1 |
|
|a аргон
|
| 610 |
1 |
|
|a получение
|
| 610 |
1 |
|
|a неон
|
| 610 |
1 |
|
|a гелий
|
| 610 |
1 |
|
|a криптон
|
| 610 |
1 |
|
|a ксенон
|
| 610 |
1 |
|
|a гелий
|
| 610 |
1 |
|
|a химический анализ
|
| 610 |
1 |
|
|a оборудование
|
| 675 |
|
|
|a 661.939
|v 3
|
| 700 |
|
1 |
|a Фастовский
|b В. Г.
|
| 702 |
|
1 |
|a Герш
|b С. Я.
|4 340
|
| 801 |
|
1 |
|a RU
|b 63413507
|c 20160623
|
| 801 |
|
2 |
|a RU
|b 63413507
|c 20200131
|g RCR
|
| 942 |
|
|
|c BK
|